La vera ricchezza delle nazioni : creare un'economia di cura /
I tiakina i:
| Kaituhi matua: | |
|---|---|
| Hōputu: | Pukapuka |
| Reo: | Itāriana |
| I whakaputaina: |
Udine :
Forum,
2015
|
| Rangatū: | ALL ;
17 |
| Ngā marau: | |
| Ngā Tūtohu: |
Kāore He Tūtohu, Me noho koe te mea tuatahi ki te tūtohu i tēnei pūkete!
|
MARC
| LEADER | 00000nam a2200000 i 4500 | ||
|---|---|---|---|
| 001 | IT\ICCU\CFI\0916037 | ||
| 003 | ItRI | ||
| 005 | 20260115232148.0 | ||
| 008 | 150929s2015 it |||||| ||||| |||||c | ||
| 015 | |2 IT |a 2016-339 | ||
| 020 | |a 9788884209047 | ||
| 040 | |b ita |c importazione bologna sebina | ||
| 041 | 7 | |a ita |2 ISO-639-2 | |
| 082 | |a 330.126 |9 ECONOMIE MISTE |2 23 | ||
| 100 | 1 | |a Eisler, Riane Tennenhaus |0 IT\ICCU\CAGV\369126 | |
| 240 | 1 | 4 | |a The real wealth of nations |3 IT\ICCU\CFI\0916040 |9 Eisler, Riane Tennenhaus |
| 245 | 1 | 3 | |a La vera ricchezza delle nazioni : |b creare un'economia di cura / |c Riane Eisler ; presentazione di Antonella Riem Natale, Alessandra Burelli e Mauro Ceruti. |
| 260 | |a Udine : |b Forum, |c 2015 | ||
| 300 | |a 282 p. ; |c 21 cm | ||
| 500 | |a Trduzione di Giulia Bancheri | ||
| 650 | 7 | |a Economia del benessere | |
| 790 | 1 | |a Eisler, Riane |3 IT\ICCU\CFIV\280758 |z Eisler, Riane Tennenhaus | |
| 790 | 1 | |a Tennenhaus Eisler, Riane |3 IT\ICCU\SBNV\101616 |z Eisler, Riane Tennenhaus | |
| 830 | 0 | |a ALL ; |v 17 |0 IT\ICCU\CFI\0666050 | |
| 942 | |2 ddc |c BK |n 0 | ||
| 952 | |0 0 |1 0 |4 0 |6 DOC_330_126000000000000_EIS |7 0 |9 21175 |a BO |b BO |d 2026-01-15 |i 20722 |l 0 |o DOC 330.126 EIS |p BO20722 |r 2026-01-15 23:21:48 |w 2026-01-15 |x [Sebina 5] [1 v.] |y BK |z 1 v. | ||
| 999 | |c 18096 |d 18096 | ||